000 00630nam a22001817a 4500
003 UA-OsUOA
001 9013
007 ta
008 20041009b un ||||| |||| 00| 0 ukr d
100 _aБасараба В.
942 _cSA
040 _aUA-OsUOA
_cUA-OsUOA
_dUA-OsUOA
245 _aПро сумне і смішне
_b[У держ. обл. б-ці відбулася презентація нової кн. М. Степанюка "Діти гречкосіїв"]
300 _aС.6
955 _a0
773 0 _w0
_tВільне слово
_dРівне
_d2004
_g№73/29 верес./
650 7 _aПрезентаії
_2UDC
999 _c295174
_d295174